000 00466nam a2200181Ia 4500
001 20896
005 20260306172839.0
008 260306t2014||||xx |||||||||||||| ||spa||
041 _aESP
082 _a343.8C7
_bR71 V. 2
100 _aRobles Moreno, Carmen del Pilar
_eAUT
245 0 _aCódigo tributario:
_bdoctrina y comentarios
260 _c2014
300 _apáginas : 742 - 1364
_c25 cm.
650 _aGEN
654 _aCCO
942 _cLIB
_dJUS
_fJUS
_2ddc
_n
999 _c20896
_d20896